[Event "4th Al Ain Chess Classic"]
[Site "Al-Ain UAE"]
[Date "2015.12.26"]
[Round "5.54"]
[White "Afshar, Niusha"]
[Black "Ismael, Namir Mohammed Ismael"]
[Result "1/2-1/2"]
[BlackTitle "CM"]
[WhiteElo "1961"]
[BlackElo "2254"]
[WhiteFideId "12509892"]
[BlackFideId "4800800"]
[EventDate "2015.12.23"]

1. e4 c5 2. c3 d5 3. exd5 Qxd5 4. d4 e6 5. Nf3 Nf6 6. Nbd2 cxd4 7. Qa4+ Bd7 8.
Qxd4 Nc6 9. Qxd5 Nxd5 10. Nb3 Be7 11. Be2 h6 12. a3 a6 13. Nbd4 Rc8 14. Nxc6
Bxc6 15. Ne5 O-O 16. Nxc6 Rxc6 17. Bf3 Bf6 18. Bxd5 exd5 19. Be3 d4 20. cxd4 Rd8
21. O-O Bxd4 22. Rfd1 Rcd6 23. Bxd4 Rxd4 24. Rxd4 Rxd4 25. Kf1 Rd2 26. Rb1 Kf8
27. g3 b5 28. h4 h5 29. Kg2 g6 30. Kf3 Rc2 31. Ke3 Ke7 32. f3 Rg2 33. Kf4 Re2
34. b4 Ra2 35. Rb3 Kf6 36. Rd3 Kg7 37. Ke4 Rg2 1/2-1/2

[Event "4th Al Ain Chess Classic"]
[Site "Al-Ain UAE"]
[Date "2015.12.26"]
[Round "5.55"]
[White "Mohannad, Farhan"]
[Black "Asgarova, Turan"]
[Result "1-0"]
[WhiteTitle "FM"]
[WhiteElo "2253"]
[BlackElo "1935"]
[WhiteFideId "8100918"]
[BlackFideId "13403451"]
[EventDate "2015.12.23"]

1. d4 Nf6 2. c4 e5 3. dxe5 Ng4 4. Bf4 Nc6 5. Nf3 Bb4+ 6. Nbd2 Qe7 7. e3 Ngxe5 8.
Be2 O-O 9. O-O d6 10. a3 Bxd2 11. Qxd2 Nxf3+ 12. Bxf3 Ne5 13. Be2 b6 14. b4 Bb7
15. Qc3 Qf6 16. Rac1 Qg6 17. Bg3 h5 18. f3 Nd7 19. Rfd1 Rfe8 20. e4 Qh6 21. c5
bxc5 22. Bb5 Rad8 23. bxc5 Nxc5 24. Bxe8 Rxe8 25. Bf2 Ne6 26. Be3 Qg6 27. Rb1
Ba6 28. Qc6 1-0

[Event "4th Al Ain Chess Classic"]
[Site "Al-Ain UAE"]
[Date "2015.12.26"]
[Round "5.56"]
[White "Musallam Salim Al Aamri"]
[Black "Mammadova, Narmin"]
[Result "0-1"]
[BlackTitle "WCM"]
[WhiteElo "1888"]
[BlackElo "2167"]
[WhiteFideId "22000399"]
[BlackFideId "13403710"]
[EventDate "2015.12.23"]

1. c4 e6 2. d4 Nf6 3. Nc3 d5 4. c5 Be7 5. Nf3 b6 6. cxb6 axb6 7. e3 O-O 8. Bd3
Ba6 9. O-O Nbd7 10. Bxa6 Rxa6 11. Qd3 Qa8 12. a3 c5 13. Re1 Ne4 14. Bd2 c4 15.
Qc2 Nxc3 16. Bxc3 b5 17. Rad1 f5 18. Ne5 Nf6 19. f3 Rb8 20. Qf2 b4 21. axb4 Bxb4
22. Rc1 Ra2 23. Re2 Bxc3 24. bxc3 Qa3 25. Rec2 Rxc2 26. Qxc2 Rb2 27. Qd1 Qa2 28.
Qf1 h5 29. e4 dxe4 30. fxe4 Nxe4 31. Qf3 Rf2 32. Qxh5 Rxg2+ 33. Kh1 Rg5 0-1

[Event "4th Al Ain Chess Classic"]
[Site "Al-Ain UAE"]
[Date "2015.12.26"]
[Round "5.57"]
[White "Pujari, Rucha"]
[Black "Soyunlu, Narmin"]
[Result "1-0"]
[WhiteTitle "WFM"]
[WhiteElo "2158"]
[BlackElo "1919"]
[WhiteFideId "5024528"]
[BlackFideId "13400843"]
[EventDate "2015.12.23"]

1. d4 e6 2. c4 Nf6 3. g3 Bb4+ 4. Bd2 Be7 5. Bg2 d5 6. Qc2 O-O 7. Nf3 b6 8. O-O
Bb7 9. cxd5 exd5 10. Nc3 Na6 11. Rac1 c5 12. Rfd1 Qc8 13. Qb1 h6 14. Nh4 Qe6 15.
Nf5 Rfe8 16. Bf4 Bf8 17. Bh3 Qc6 18. a3 Nc7 19. b4 a6 20. a4 Ne6 21. b5 axb5 22.
axb5 Qc8 23. Be5 Nd7 24. Bd6 Qd8 25. dxc5 Nexc5 26. Nxd5 Rxe2 27. Nf4 Be4 28.
Qb4 Ra4 29. Qc3 Rea2 30. Bxc5 bxc5 31. Rxd7 Qg5 32. Qe5 g6 33. Qe8 Qf6 34. Nxh6+ 1-0

[Event "4th Al Ain Chess Classic"]
[Site "Al-Ain UAE"]
[Date "2015.12.26"]
[Round "5.58"]
[White "Al Hosani, Omran"]
[Black "Wafa, Shrook"]
[Result "0-1"]
[WhiteTitle "CM"]
[BlackTitle "WGM"]
[WhiteElo "1817"]
[BlackElo "2115"]
[WhiteFideId "9308733"]
[BlackFideId "10609970"]
[EventDate "2015.12.23"]

1. Nf3 Nf6 2. c4 g6 3. g3 Bg7 4. Bg2 O-O 5. O-O d6 6. d4 Nbd7 7. Nc3 e5 8. e4
Re8 9. Re1 c6 10. d5 Qc7 11. h3 a5 12. Be3 Nc5 13. Nd2 Rb8 14. Bxc5 dxc5 15. Nb3
cxd5 16. cxd5 c4 17. Nd2 b5 18. a4 bxa4 19. Rxa4 Rxb2 20. Rxc4 Qa7 21. Qc1 Rb8
22. Qa1 Bf8 23. Rb1 Rxb1+ 24. Ncxb1 Bc5 25. Rxc5 Qxc5 26. Nb3 Qb4 27. Nxa5 Qe1+
28. Kh2 Qxf2 29. Qa4 Bd7 30. Nc6 Nh5 31. Qa3 Nf6 32. Qd3 Ra8 33. Na3 Qc5 34. Nc4
Ra1 35. Ne3 Ra3 36. Qf1 Qxe3 37. Qxf6 Qxg3+ 38. Kh1 Ra1+ 39. Bf1 Qxh3+ 40. Kg1
Qe3+ 41. Kh1 Qxe4+ 42. Kg1 Bxc6 43. dxc6 Rc1 44. c7 Qd4+ 0-1

[Event "4th Al Ain Chess Classic"]
[Site "Al-Ain UAE"]
[Date "2015.12.26"]
[Round "5.59"]
[White "Ammar, Sedrani"]
[Black "Algildah, Khalid"]
[Result "0-1"]
[WhiteTitle "FM"]
[BlackTitle "FM"]
[WhiteElo "1573"]
[BlackElo "2086"]
[WhiteFideId "9312331"]
[BlackFideId "7600828"]
[EventDate "2015.12.23"]

1. d4 g6 2. c4 Bg7 3. Nc3 d6 4. e4 Nf6 5. Nge2 O-O 6. Ng3 e5 7. d5 a5 8. Be2 Na6
9. h4 h5 10. Bg5 Qe8 11. Qd2 Bd7 12. Bh6 Nc5 13. Bxg7 Kxg7 14. Qg5 Rh8 15. Nf5+
Bxf5 16. exf5 Nfe4 17. Nxe4 Nxe4 18. Qe3 Nc5 19. Rh3 e4 20. fxg6 fxg6 21. Qd4+
Kh7 22. Rg3 Qe7 23. Rg5 Qg7 24. Qxg7+ Kxg7 25. Kf1 Raf8 26. Rg3 Rf4 27. Kg1 Rxh4
28. Ra3 b6 29. g3 Rg4 30. Bxg4 hxg4 31. Re3 Kf6 32. Rb1 Kf5 33. b3 Nd3 34. Rd1
a4 35. Kg2 axb3 36. axb3 Ra8 37. Re2 Ra3 38. Rh1 Rxb3 39. Rh7 Ne5 40. Rxc7 Rb1
41. Rh7 Rc1 42. Rh8 Nf3 43. Rh1 Rxc4 44. Rb2 Rd4 45. Rhb1 Ne5 46. Rxb6 e3 47.
R6b4 Rxb4 48. Rxb4 Nd3 0-1

[Event "4th Al Ain Chess Classic"]
[Site "Al-Ain UAE"]
[Date "2015.12.26"]
[Round "5.60"]
[White "Wettasinha, Vasanta"]
[Black "Mammadov, Gulam"]
[Result "0-1"]
[WhiteElo "1858"]
[BlackElo "2086"]
[WhiteFideId "9904433"]
[BlackFideId "13404040"]
[EventDate "2015.12.23"]

1. d4 Nf6 2. Nc3 g6 3. e4 d6 4. Bg5 Bg7 5. h3 Nbd7 6. Qd2 c5 7. Nf3 cxd4 8. Nxd4
O-O 9. Bh6 Bxh6 10. Qxh6 Nc5 11. Qe3 Qa5 12. O-O-O a6 13. f4 e5 14. fxe5 dxe5
15. Nf3 Be6 16. Bd3 Rac8 17. Rhf1 Bxa2 18. Nd2 Nxd3+ 19. Qxd3 Nh5 20. Nxa2 Qxa2
21. Nb3 Nf4 22. Qg3 Ne2+ 0-1

[Event "4th Al Ain Chess Classic"]
[Site "Al-Ain UAE"]
[Date "2015.12.26"]
[Round "5.61"]
[White "Tarini Goyal"]
[Black "Ashid, Tsetsegulzii"]
[Result "0-1"]
[WhiteTitle "WFM"]
[WhiteElo "1826"]
[BlackElo "1869"]
[WhiteFideId "5082749"]
[BlackFideId "4902904"]
[EventDate "2015.12.23"]

1. d4 e6 2. c4 d5 3. Nf3 c6 4. e3 Nf6 5. b3 c5 6. Bd3 Nc6 7. Bb2 cxd4 8. exd4
Be7 9. O-O Nb4 10. Be2 O-O 11. a3 Nc6 12. Nc3 Re8 13. Re1 Bf8 14. Rc1 Ne7 15.
Ne5 Ng6 16. Nxg6 hxg6 17. Bf3 dxc4 18. bxc4 Qb6 19. Re2 Rd8 20. Rd2 Bd7 21. Rb1
Qa6 22. Qb3 Bc6 23. d5 exd5 24. cxd5 Bd7 25. a4 Bg4 26. Bxg4 Nxg4 27. Ne4 Re8
28. Ng5 Bd6 29. Qh3 Nh6 30. Qc3 Be5 31. Qb4 Bxb2 32. Rdxb2 Qf6 33. Nf3 b6 34.
Rd2 Rad8 35. d6 Rd7 36. Rbd1 Red8 37. a5 bxa5 38. Qxa5 Nf5 39. Ne5 Rxd6 40.
Qxd8+ Qxd8 41. Rxd6 Qxd6 42. Rxd6 Nxd6 43. Nc6 a6 44. Kf1 f6 45. Ke2 Kf7 46. Kd3
Ke6 47. Kd4 Nb7 48. Kc4 Kf5 49. Nd4+ Ke5 50. Nc6+ Ke4 51. Nb4 a5 52. Nc6 g5 53.
h3 a4 54. Nb4 Nd6+ 55. Kc3 Nf5 56. Nd3 Nh4 57. Nc5+ Kd5 58. Nxa4 Nxg2 59. Kd3
Nf4+ 60. Ke3 Nxh3 61. Nb6+ Ke6 62. Kf3 Nf4 63. Nc4 f5 64. Ne3 Nd5 65. Nc4 g4+
66. Kg3 g5 67. Nb2 Nf6 68. Nd3 Kd5 69. Ne1 f4+ 70. Kg2 Ke4 71. f3+ gxf3+ 72.
Nxf3 g4 73. Nd2+ Kd3 74. Nf1 Ke2 75. Kg1 g3 76. Kg2 Ne4 77. Kh1 Kf2 78. Nd2 g2+ 0-1

[Event "4th Al Ain Chess Classic"]
[Site "Al-Ain UAE"]
[Date "2015.12.26"]
[Round "5.62"]
[White "Abucejo, Armel N"]
[Black "Ahmad M Saleh Alzarouni"]
[Result "1-0"]
[WhiteElo "2032"]
[BlackElo "1668"]
[WhiteFideId "5213266"]
[BlackFideId "9302301"]
[EventDate "2015.12.23"]

1. d4 d5 2. e3 Nf6 3. Bd3 e6 4. f4 c5 5. c3 Be7 6. Nf3 O-O 7. O-O Nc6 8. Nbd2
Nd7 9. Ne5 Ncxe5 10. fxe5 f6 11. Qh5 f5 12. g4 g6 13. Qh3 Rf7 14. Nf3 Rb8 15. b3
b5 16. Bd2 c4 17. Be2 a5 18. a4 Ba6 19. bxc4 bxc4 20. Rfb1 Rxb1+ 21. Rxb1 Nb6
22. Bd1 Qc7 23. Be1 Bb7 24. Rb5 Nd7 25. Bh4 Bc6 26. Bxe7 Rxe7 27. Qh4 Rg7 28.
Ng5 Nf8 29. Rb2 Qc8 30. Kg2 Rb7 31. Qf2 Qb8 32. Rxb7 Qxb7 33. Qa2 Qe7 34. Nh3
Nd7 35. Qb2 Qd8 36. gxf5 gxf5 37. Nf4 Qe7 38. Kh3 Qe8 39. Qa3 Nf8 40. Nh5 Kh8
41. Qd6 Ng6 42. Nf6 Qf8 43. Qxc6 Qh6+ 44. Kg2 Qg5+ 45. Bg4 Nh4+ 46. Kf2 Qg6 47.
Qc8+ Kg7 1-0

[Event "4th Al Ain Chess Classic"]
[Site "Al-Ain UAE"]
[Date "2015.12.27"]
[Round "6.3"]
[White "Mchedlishvili, Mikheil"]
[Black "Libiszewski, Fabien"]
[Result "1/2-1/2"]
[WhiteTitle "GM"]
[BlackTitle "GM"]
[WhiteElo "2635"]
[BlackElo "2515"]
[WhiteFideId "13600966"]
[BlackFideId "616834"]
[EventDate "2015.12.23"]

1. d4 d5 2. Nf3 e6 3. c4 a6 4. g3 dxc4 5. Bg2 Nc6 6. O-O Rb8 7. e4 Nf6 8. Qe2
Be7 9. Rd1 O-O 10. Nc3 b5 11. d5 exd5 12. e5 d4 13. exf6 Bxf6 14. Qe4 Bb7 15.
Nd5 Nb4 16. Nxf6+ Qxf6 17. Qf4 c5 18. Qxf6 gxf6 19. Bf4 Rbd8 20. Bc7 Rc8 21. Bd6
Rfd8 22. Be7 Re8 23. Bxf6 Nd3 24. b3 Re6 25. Bg5 h6 26. Nxd4 cxd4 27. Bxb7 Rc7
28. bxc4 bxc4 29. Bd5 hxg5 30. Bxc4 Rxc4 31. Rxd3 Re2 32. Rad1 1/2-1/2

[Event "4th Al Ain Chess Classic"]
[Site "Al-Ain UAE"]
[Date "2015.12.27"]
[Round "6.4"]
[White "Pashikian, Arman"]
[Black "Pantsulaia, Levan"]
[Result "1/2-1/2"]
[WhiteTitle "GM"]
[BlackTitle "GM"]
[WhiteElo "2606"]
[BlackElo "2598"]
[WhiteFideId "13301578"]
[BlackFideId "13602071"]
[EventDate "2015.12.23"]

1. d4 Nf6 2. c4 c5 3. d5 g6 4. Nc3 Bg7 5. e4 O-O 6. Be2 e6 7. Nf3 exd5 8. exd5
d6 9. O-O Bg4 10. h3 Bxf3 11. Bxf3 Nfd7 12. Bd2 Na6 13. Re1 Nc7 14. Qc2 f5 15.
Be2 a6 16. Bf1 Qh4 17. g3 Qf6 18. f4 h5 19. Bd3 Qd8 20. a4 Nf6 21. Be2 Qd7 22.
a5 Rab8 23. Bf3 b5 24. axb6 Rxb6 25. Rab1 Rfb8 26. b3 Kf7 27. Kg2 Re8 28. Rxe8
Qxe8 29. Na4 Rb7 30. Re1 Qb8 31. Ba5 Nce8 32. Re3 Re7 33. Rxe7+ Kxe7 34. Qe2+
Kf8 35. Nb6 Nc7 36. b4 cxb4 37. c5 Nb5 38. Bxb4 Kg8 39. Qe6+ Kh7 40. Qc8 Qa7 41.
Ba5 Qe7 42. Qe6 Qxe6 43. dxe6 dxc5 44. Bb7 Nd6 45. Bxa6 Kg8 46. Nd7 Nfe4 47. Ne5
g5 48. Bd8 gxf4 49. gxf4 Bf6 50. e7 Kg7 51. Be2 h4 52. Nc6 Kf7 53. Ne5+ Kg7 54.
Nc6 Kf7 55. Ne5+ Kg7 56. Bc4 Ng3 57. Be6 Ne2 58. Nd3 Kg6 59. Kf1 Ng3+ 60. Kg2
Nge4 61. Ne5+ Kg7 62. Nc6 Kg6 63. Ne5+ Kg7 64. Nc4 Kg6 65. Kh2 Ne8 66. Ne3 N4d6
67. Kg2 Ng7 68. Bd5 Nf7 69. Nxf5 Nxd8 70. exd8=Q Bxd8 71. Nxg7 1/2-1/2

[Event "4th Al Ain Chess Classic"]
[Site "Al-Ain UAE"]
[Date "2015.12.27"]
[Round "6.5"]
[White "Adly, Ahmed"]
[Black "Areshchenko, Alexander"]
[Result "1/2-1/2"]
[WhiteTitle "GM"]
[BlackTitle "GM"]
[WhiteElo "2598"]
[BlackElo "2677"]
[WhiteFideId "10601619"]
[BlackFideId "14109530"]
[EventDate "2015.12.23"]

1. d4 Nf6 2. Nf3 g6 3. g3 Bg7 4. c4 c6 5. Bg2 d5 6. cxd5 cxd5 7. O-O O-O 8. Nc3
Ne4 9. Ng5 Nf6 10. Nf3 Ne4 11. Ng5 Nf6 12. Nf3 1/2-1/2

[Event "4th Al Ain Chess Classic"]
[Site "Al-Ain UAE"]
[Date "2015.12.27"]
[Round "6.7"]
[White "Parligras, Mircea-Emilian"]
[Black "Motylev, Alexander"]
[Result "1/2-1/2"]
[WhiteTitle "GM"]
[BlackTitle "GM"]
[WhiteElo "2586"]
[BlackElo "2653"]
[WhiteFideId "1204297"]
[BlackFideId "4121830"]
[EventDate "2015.12.23"]

1. d4 Nf6 2. c4 e6 3. Nf3 d5 4. Nc3 c6 5. e3 Nbd7 6. Qc2 Bd6 7. Bd3 O-O 8. O-O
e5 9. cxd5 cxd5 10. e4 exd4 11. Nxd5 Nxd5 12. exd5 h6 13. Nxd4 Qh4 14. Nf3 Qh5
15. Bh7+ Kh8 16. Qf5 Qxf5 17. Bxf5 Nf6 18. Bxc8 Rfxc8 19. Rd1 Rd8 20. Be3 Be7
21. d6 Rxd6 22. Rxd6 Bxd6 23. Rc1 a6 24. g3 Rd8 25. Rd1 Rd7 1/2-1/2

[Event "4th Al Ain Chess Classic"]
[Site "Al-Ain UAE"]
[Date "2015.12.27"]
[Round "6.8"]
[White "Efimenko, Zahar"]
[Black "Bajarani, Ulvi"]
[Result "1/2-1/2"]
[WhiteTitle "GM"]
[BlackTitle "GM"]
[WhiteElo "2647"]
[BlackElo "2551"]
[WhiteFideId "14107201"]
[BlackFideId "13403028"]
[EventDate "2015.12.23"]

1. e4 e6 2. d4 d5 3. Nd2 c5 4. exd5 Qxd5 5. dxc5 Bxc5 6. Ngf3 Nf6 7. Bc4 Qh5 8.
Qe2 O-O 9. Nf1 Bd6 10. Bg5 Nd5 11. Ng3 Bxg3 12. fxg3 Nc6 13. O-O-O Nb6 14. Bb5
f6 15. Be3 e5 16. Bxb6 axb6 17. a3 Kh8 18. Rd6 Bf5 19. Re1 Rfc8 20. Bxc6 Rxc6
21. Rxc6 bxc6 22. h3 Qf7 23. g4 Bg6 24. Nh4 Qa2 25. Nxg6+ hxg6 26. c3 Ra5 27.
Qe4 Kh7 28. Rd1 Rd5 29. Rxd5 cxd5 30. Qe2 Qa1+ 31. Kc2 Qg1 32. a4 e4 33. c4 Qc5
34. Kb3 dxc4+ 35. Qxc4 Qe3+ 36. Ka2 f5 37. gxf5 gxf5 38. Qe6 Qf4 39. g4 fxg4 40.
hxg4 e3 41. Kb3 Qd4 42. Qe8 Qd5+ 43. Kc3 Qd2+ 44. Kb3 Qd1+ 45. Ka3 Qd3+ 46. Kb4
Qd2+ 47. Kb3 Qd1+ 48. Ka3 Qd6+ 49. Kb3 Qc5 50. Qe6 g6 51. Qf7+ Kh6 52. Qf4+ Kg7
53. g5 Qd5+ 54. Kc3 Qd2+ 55. Kc4 Qc2+ 56. Kd4 Qxa4+ 57. Kxe3 Qb3+ 58. Ke4 Qxb2 1/2-1/2

[Event "4th Al Ain Chess Classic"]
[Site "Al-Ain UAE"]
[Date "2015.12.27"]
[Round "6.9"]
[White "Kovchan, Alexander"]
[Black "Rakhmanov, Aleksandr"]
[Result "1/2-1/2"]
[WhiteTitle "GM"]
[BlackTitle "GM"]
[WhiteElo "2583"]
[BlackElo "2640"]
[WhiteFideId "14103052"]
[BlackFideId "4173708"]
[EventDate "2015.12.23"]

1. e4 c5 2. Nf3 Nf6 3. Nc3 d5 4. exd5 Nxd5 5. Bb5+ Bd7 6. Ne5 e6 7. Nxd7 Nxd7 8.
Nxd5 exd5 9. O-O a6 10. Be2 Be7 11. d4 O-O 12. Bf3 Nb6 13. dxc5 Bxc5 14. c3 Qf6
15. Qd2 Rad8 16. Qg5 Qc6 17. Bf4 h6 18. Qf5 Bd6 19. Rad1 Bxf4 20. Qxf4 Qb5 21.
Rd4 a5 22. Qc1 Rfe8 23. Rfd1 Qc5 24. g3 Re5 25. Kg2 Rde8 26. Qc2 R8e6 27. b3 Rf6
28. R1d3 h5 29. Bd1 g6 30. Qd2 Kg7 31. Rf4 Rxf4 32. Qxf4 Nd7 33. b4 axb4 34.
cxb4 Qe7 35. Qd4 Nf6 36. Bf3 g5 37. Re3 Rxe3 38. fxe3 Qc7 39. Bxd5 1/2-1/2

[Event "4th Al Ain Chess Classic"]
[Site "Al-Ain UAE"]
[Date "2015.12.27"]
[Round "6.11"]
[White "Vaibhav, Suri"]
[Black "Hovhannisyan, Robert"]
[Result "1/2-1/2"]
[WhiteTitle "GM"]
[BlackTitle "GM"]
[WhiteElo "2552"]
[BlackElo "2624"]
[WhiteFideId "5045185"]
[BlackFideId "13302507"]
[EventDate "2015.12.23"]

1. d4 d5 2. c4 c6 3. Nc3 Nf6 4. e3 e6 5. Nf3 Nbd7 6. Qc2 Bd6 7. Bd3 O-O 8. O-O
e5 9. cxd5 cxd5 10. Nb5 Bb8 11. dxe5 Nxe5 12. Nxe5 Bxe5 13. Bd2 a6 14. Bc3 Bxc3
15. Nxc3 d4 16. Ne4 g6 17. exd4 Qxd4 18. Qc5 Qxc5 19. Nxc5 b6 20. Na4 Rb8 21.
Rfd1 Rd8 22. Be2 Bd7 23. Nc3 a5 24. f3 Kg7 25. Rd6 Be6 26. Rad1 Rdc8 27. Bb5 Rc5
28. a3 Kf8 29. Rd8+ Rxd8 30. Rxd8+ Kg7 31. a4 Nd5 32. Rd6 Nxc3 33. bxc3 Rxc3 34.
Rxb6 Rc1+ 35. Kf2 Rc2+ 36. Kg1 Rc1+ 37. Kf2 Rc2+ 38. Kg3 h5 39. h4 Bc4 40. Rc6
Bd3 41. Ra6 Bxb5 42. axb5 Ra2 43. b6 Ra4 44. b7 Rb4 45. Rxa5 Rxb7 1/2-1/2

[Event "4th Al Ain Chess Classic"]
[Site "Al-Ain UAE"]
[Date "2015.12.27"]
[Round "6.12"]
[White "Zeng, Chongsheng"]
[Black "Kravtsiv, Martyn"]
[Result "1-0"]
[WhiteTitle "GM"]
[BlackTitle "GM"]
[WhiteElo "2530"]
[BlackElo "2623"]
[WhiteFideId "8603847"]
[BlackFideId "14113147"]
[EventDate "2015.12.23"]

1. b3 e5 2. Bb2 Nc6 3. e3 Nf6 4. Bb5 e4 5. Ne2 a6 6. Bxc6 dxc6 7. Ng3 Bg4 8. f3
exf3 9. gxf3 Bh3 10. Nc3 Qd7 11. Qe2 O-O-O 12. O-O-O Nd5 13. Nce4 Re8 14. Rhg1
f6 15. Nf2 h5 16. Nxh3 Qxh3 17. Ne4 Qd7 18. Qd3 Rd8 19. Nc3 Nxc3 20. Qxd7+ Rxd7
21. Bxc3 Ba3+ 22. Kb1 Re8 23. e4 Bd6 24. Rg2 c5 25. Rdg1 Ree7 26. d3 Bf4 27. Bd2
Bxd2 28. Rxd2 b5 29. Kc1 Kd8 30. Rdg2 Ke8 31. Kd2 Kf8 32. Ke3 Re6 33. Rd2 Rc6
34. f4 Re7 35. f5 Rd6 36. Rg3 c4 37. Rh3 cxd3 38. cxd3 c5 39. Rxh5 Kg8 40. Rh3
Red7 41. Rg3 Rd4 42. Rg1 c4 43. bxc4 bxc4 44. Rgd1 cxd3 45. Rxd3 Rxd3+ 46. Rxd3
Rc7 47. Ra3 Rc6 48. Kd4 Kf7 49. Kd5 Rc2 50. Rxa6 Rd2+ 51. Kc5 Rc2+ 52. Kd6 Rd2+
53. Kc6 Rc2+ 54. Kb7 Rxh2 55. a4 Re2 56. a5 Rxe4 57. Rc6 Rb4+ 58. Rb6 Ra4 59. a6
g6 60. a7 Rxa7+ 61. Kxa7 gxf5 62. Ka6 1-0

[Event "4th Al Ain Chess Classic"]
[Site "Al-Ain UAE"]
[Date "2015.12.27"]
[Round "6.13"]
[White "Vishnu Prasanna, V"]
[Black "Oleksiyenko, Mykhaylo"]
[Result "1/2-1/2"]
[WhiteTitle "GM"]
[BlackTitle "GM"]
[WhiteElo "2514"]
[BlackElo "2616"]
[WhiteFideId "5030692"]
[BlackFideId "4152417"]
[EventDate "2015.12.23"]

1. d4 d5 2. c4 c6 3. Nf3 Nf6 4. Nc3 dxc4 5. a4 Bf5 6. Ne5 Nbd7 7. Nxc4 Nb6 8.
Ne5 a5 9. f3 Nfd7 10. Nxd7 Nxd7 11. e4 Bg6 12. Be2 e6 13. O-O Bb4 14. Be3 O-O
15. Qb3 Qc7 16. Rac1 Rad8 17. Kh1 Qb8 18. Rfd1 Kh8 19. Bf1 Rfe8 20. Ne2 Bd6 21.
Qc3 Bb4 22. Qb3 Bd6 23. Qc3 Bb4 24. Qb3 1/2-1/2

[Event "4th Al Ain Chess Classic"]
[Site "Al-Ain UAE"]
[Date "2015.12.27"]
[Round "6.14"]
[White "Mu, Ke"]
[Black "Gupta, Abhijeet"]
[Result "0-1"]
[BlackTitle "GM"]
[WhiteElo "2403"]
[BlackElo "2613"]
[WhiteFideId "8602778"]
[BlackFideId "5010608"]
[EventDate "2015.12.23"]

1. d4 Nf6 2. c4 g6 3. Nf3 Bg7 4. Nc3 d5 5. Qb3 dxc4 6. Qxc4 Be6 7. Qb5+ Bd7 8.
Qb3 c5 9. dxc5 Na6 10. g3 O-O 11. Qa3 Rc8 12. Bg2 Rxc5 13. O-O Ra5 14. Qb3 b5
15. Ne5 b4 16. Nxd7 Qxd7 17. Ne4 Nxe4 18. Bxe4 Qd4 19. Bg2 Nc5 20. Qf3 Qc4 21.
a3 Nb3 22. Rb1 Nd4 23. Qb7 Nxe2+ 24. Kh1 bxa3 25. bxa3 Qa2 26. Bb2 Nc3 27. Ra1
Qe6 28. Rae1 Qd6 29. Qxe7 Qxe7 30. Rxe7 Rb8 31. Bc1 Bf6 32. Rd7 Kg7 33. Bf3 Rd8
34. Rb7 a6 35. Kg2 h5 36. h4 Rd3 37. Bb2 Rf5 38. Bc6 Nd1 39. Bxf6+ Rxf6 40. Ba4
Nc3 41. Rd7 Nd5 42. Ra1 Rd4 43. Ra2 Nf4+ 44. gxf4 Rxa4 0-1

[Event "4th Al Ain Chess Classic"]
[Site "Al-Ain UAE"]
[Date "2015.12.27"]
[Round "6.15"]
[White "Visakh N R"]
[Black "Onischuk, Vladimir"]
[Result "1/2-1/2"]
[WhiteTitle "IM"]
[BlackTitle "GM"]
[WhiteElo "2388"]
[BlackElo "2612"]
[WhiteFideId "25012223"]
[BlackFideId "14114038"]
[EventDate "2015.12.23"]

1. Nf3 Nf6 2. g3 g6 3. Bg2 Bg7 4. O-O O-O 5. d4 d6 6. c4 Nc6 7. Nc3 e5 8. dxe5
dxe5 9. Qxd8 Rxd8 10. Bg5 Be6 11. Nd2 h6 12. Bxf6 Bxf6 13. Nde4 Be7 14. Nd5 Rac8
15. Nxe7+ Nxe7 16. b3 b6 17. Rfd1 f5 18. Nc3 c6 19. Kf1 Kf7 20. Ke1 Ke8 21.
Rxd8+ Rxd8 22. Rd1 Rxd1+ 23. Kxd1 Kd7 24. Kd2 Ng8 25. h4 Nf6 26. e3 Kd6 27. Bf3
Nd7 28. Be2 e4 29. f3 exf3 30. Bxf3 g5 31. hxg5 hxg5 32. Nd1 Nf6 33. Nc3 Bd7 34.
Ne2 Ke5 35. Nc3 Be8 36. Ke1 Kd6 37. Bg2 Kc5 38. a3 Kd6 39. Ne2 c5 40. Nc3 a5 41.
a4 Ke5 42. Bf3 Bf7 43. Kf2 Bg6 44. Ke1 Be8 45. Ke2 Bf7 46. Ke1 Bg6 47. Ke2 f4
48. gxf4+ gxf4 49. Kd2 fxe3+ 50. Kxe3 Bc2 51. Bd1 Ne4 52. Bxc2 Nxc3 53. Bg6 Na2
54. Bh7 Nb4 55. Be4 Na6 56. Bc6 Kd6 57. Bf3 Nb8 58. Kf4 Nd7 59. Kf5 Kc7 60. Ke6
Nb8 61. Be4 Na6 62. Bb1 Nb4 63. Be4 Na2 64. Bc2 Nc1 65. Bd1 Nd3 66. Bc2 Nf4+ 67.
Ke5 Ne2 68. Bd1 Nd4 69. Kd5 Nf5 70. Ke4 Ne7 71. Ke5 Nc6+ 72. Ke6 Nb4 73. Be2 Nc2
74. Bd1 Nd4+ 75. Kd5 Kc8 76. Kd6 Kb7 77. Kd7 Ka7 1/2-1/2

[Event "4th Al Ain Chess Classic"]
[Site "Al-Ain UAE"]
[Date "2015.12.27"]
[Round "6.16"]
[White "Volkov, Sergey"]
[Black "Ghosh, Diptayan"]
[Result "1/2-1/2"]
[WhiteTitle "GM"]
[BlackTitle "IM"]
[WhiteElo "2612"]
[BlackElo "2550"]
[WhiteFideId "4122763"]
[BlackFideId "5045207"]
[EventDate "2015.12.23"]

1. d4 Nf6 2. c4 g6 3. Nc3 d5 4. Nf3 Bg7 5. Qb3 dxc4 6. Qxc4 O-O 7. e4 a6 8. Be2
b5 9. Qb3 Nc6 10. e5 Be6 11. Qd1 Nd5 12. O-O Nxc3 13. bxc3 Na5 14. h4 c5 15. h5
cxd4 16. h6 Bh8 17. cxd4 Rc8 18. Re1 Bd5 19. Ba3 Nc4 20. Bc5 Bxf3 21. Bxf3 Bxe5
22. a4 Bd6 23. Bb7 Rb8 24. Bxa6 Nb2 25. Qf3 bxa4 26. Qc6 1/2-1/2

[Event "4th Al Ain Chess Classic"]
[Site "Al-Ain UAE"]
[Date "2015.12.27"]
[Round "6.17"]
[White "Kovalenko, Igor"]
[Black "Babujian, Levon"]
[Result "1-0"]
[WhiteTitle "GM"]
[BlackTitle "GM"]
[WhiteElo "2680"]
[BlackElo "2465"]
[WhiteFideId "14117908"]
[BlackFideId "13301993"]
[EventDate "2015.12.23"]

1. d4 Nf6 2. Nf3 g6 3. c4 Bg7 4. Nc3 d5 5. cxd5 Nxd5 6. e4 Nxc3 7. bxc3 c5 8.
Be3 Bg4 9. Qd2 Bxf3 10. gxf3 Nd7 11. Rb1 Qc7 12. h4 O-O-O 13. Bh3 e6 14. O-O Kb8
15. Qe2 cxd4 16. cxd4 Nb6 17. Rb4 Bf8 18. Rb3 Bg7 19. Rc1 Qe7 20. Qb2 Rc8 21.
Rb1 Rc6 22. a4 Rhc8 23. a5 Rc2 24. Qa1 Nc4 25. Rxb7+ Qxb7 26. Bf4+ Ka8 27. Rxb7
Kxb7 28. Qa4 Nxa5 29. d5 R2c5 30. Be3 Bc3 31. dxe6 fxe6 32. Bxe6 R8c7 33. Bd5+
Ka6 34. Bxc5 Rxc5 35. Qd7 Bd4 36. Qxh7 Rc2 37. Qxg6+ Kb5 38. Kg2 Rxf2+ 39. Kg3
Rf1 40. Qe6 Be3 41. Kg4 Rg1+ 42. Kf5 Rh1 43. e5 Bf2 44. Qd7+ Kb4 45. Bf7 Nc4 46.
Bxc4 Kxc4 47. Qf7+ Kd3 48. h5 a5 49. e6 Bc5 50. f4 Re1 51. h6 a4 52. Qd7+ 1-0